00729cam6a220020500 4500001001200000003000500012005001700017008004100034035001900075050002400094100002700118245011800145246003800263260004800301300002100349504004100370650008300411949001000494999001900504tmp15738996UPRA20190830110108.0951017s1869 xx spa u a(Sirsi) r69246 aRARE DP702 GAR 18692 aGarcia Ramos, Accurcio10aNotica do archipelago dos Acores :be do que ha mais importante na sua historia natural./cAccurcio Garcia Ramos.30aNoticia do archipelago dos Acores aAngra do Heroismo, Typ. Terceirense,c1869. axii,150p.:bill. aIncludes bibliographical references. 0aAzores -- Description and travel.xAzores -- Description and travel.6S22036.1 aDP702 c187858d187858